00616 2200181 4500245004900000020002200049250001100071100002600082650002300108650001500131005001900146260003000165041001400195084001100209300002200220500018300242336000900425 aKage ( Shadow )cNabilah Indah WahyunihText a978-602-242-616-5 aCet. 1 aNabilah Indah Wahyuni aCerita Petualangan aFantasteen a20240813142808 aBandungbDAR! Mizanc2014 aIndonesia a808.83 a156 hlm. :cilus. asemenjak ada dia, dihidupku tidak pernah tenang lagi. Dia muncul bagaikan shinigami, dewa kematian yang akan mengambil nyawaku, selalu mengikuti dan mengawasiku seperti bayangan. atext